A PATTERN BASED APPROACH ATLAS OF CYTOPATHOLOGY (Record no. 28616)

MARC details
000 -LEADER
fixed length control field 00597nam a22002057a 4500
003 - CONTROL NUMBER IDENTIFIER
control field SGT
020 ## - INTERNATIONAL STANDARD BOOK NUMBER
International Standard Book Number 9788197480805
082 ## - DEWEY DECIMAL CLASSIFICATION NUMBER
Classification number 616.07
Item number P24V
100 ## - MAIN ENTRY--PERSONAL NAME
Personal name VANDENBUSSCHE, CHRISTOPHER J.
245 ## - TITLE STATEMENT
Title A PATTERN BASED APPROACH ATLAS OF CYTOPATHOLOGY
250 ## - EDITION STATEMENT
Edition statement 1ST S.A.
260 ## - PUBLICATION, DISTRIBUTION, ETC. (IMPRINT)
Place of publication, distribution, etc PHILADELPHIA
Name of publisher, distributor, etc WOLTERS KLUWER PUB
Year of Publication 2024
300 ## - PAGE DESCRIPTION
No. of Pages 533
650 ## - SUBJECT ADDED ENTRY--TOPICAL TERM
Topical term or geographic name as entry element PATHOLOGY
653 ## - KEYWORDS--INDEX TERM
Keyword term FINE NEEDLE ASPIRATION OF THE THYROID
653 ## - KEYWORDS--INDEX TERM
Keyword term SALIVARY GLAND AND CERVICAL LYMPH NODES
653 ## - KEYWORDS--INDEX TERM
Keyword term SEROUS EFFUSION CYTOPATHOLOGY
653 ## - KEYWORDS--INDEX TERM
Keyword term GYNECILOGIC TRACT CYTOPATHOLOGY
942 ## - ADDED ENTRY ELEMENTS (KOHA)
Source of classification or shelving scheme Dewey Decimal Classification
Koha item type Books
Holdings
Withdrawn status Lost status Source of classification or shelving scheme Damaged status Not for loan Collection code Home library Current library Shelving location Date acquired Vendor Name Cost, normal purchase price SGTU Bill Number Total Checkouts Full call number Accession No. (Barcode) Date last seen Bill Date Koha item type
    Dewey Decimal Classification   Not For Loan MEDICAL SGT Medical Library SGT Medical Library Reference Book 13/12/2024 ABC PUB. DELHI 21300.00 SGTU 20050   616.07 P24V FM14579 01/01/2025 13/12/2024 Books